| 000 | 00701nam a2200217Ii 4500 | ||
|---|---|---|---|
| 001 | 13507 | ||
| 003 | CO-ViMGA | ||
| 008 | 241108s9999||||xx |||||||||||||| ||und|| | ||
| 020 | _a9581701176 | ||
| 040 |
_aCO-ViMGA _bspa _erda _cCO-ViMGA |
||
| 041 | 0 | _aspa | |
| 082 | 0 | 4 | _aF.FC 291.13 - M789 |
| 100 | 1 |
_aSol Montoya Bonilla _952215 |
|
| 245 | 1 | 0 |
_aMitología del encuentro y del desencuentro: _b"Lo otro" en algunos textos indígenas de la Amazonia |
| 264 | 1 | _aBogotá, Colombia : Universidad Nacional, 1994 | |
| 300 | _avolumen | ||
| 336 |
_atext _btxt _2rdacontent |
||
| 337 |
_aunmediated _bn _2rdamedia |
||
| 338 |
_avolume _bnc _2rdacarrier |
||
| 940 | _aidficha_siabuc: 13209. -- ficha_no_siabuc:13507 | ||
| 999 |
_c46997 _d46997 |
||